| 000 | 01236nam a2200289 a 4500 | ||
|---|---|---|---|
| 001 | 000024590 | ||
| 005 | 20240307073947.0 | ||
| 008 | 110201s19831984dr 000 0 spa d | ||
| 040 |
_aDO-SdBNP _bspa _cBNPHU |
||
| 082 |
_a972.9304 _bD671n |
||
| 100 | 1 |
_aDominguez, Jaime de Jess, _d1947- _950428 |
|
| 245 | 1 | 0 |
_aNotas económicas y políticas dominicanas de julio 1865 a julio 1886 / _cJaime de Jesús Domínguez. |
| 260 |
_aSanto Domingo : _bUASD, _c1983-1984. |
||
| 300 |
_a2v. ; _c21 cm. |
||
| 490 | 1 |
_aPublicaciones de la Universidad Autónoma de Santo Domingo _v326 |
|
| 490 | 1 |
_aHistoria y sociedad _v60 |
|
| 590 | _aInventariado, 2020/YL | ||
| 500 | _aIncluye datos biográficos del autor en la contracubierta | ||
| 500 | _aLa bibloteca posee el volumen 1 y 2 | ||
| 651 | 4 |
_aRepública Dominicana _xPolítica Y Gobierno _y1865-1886 _950429 |
|
| 651 | 4 |
_aRepública Dominicana _xHistoria _y1865-1886 _950430 |
|
| 651 | 4 |
_aRepública Dominicana _xCondiciones Económicas _y1865-1886 _950431 |
|
| 710 | 1 |
_aUniversidad Autónoma de Santo Domingo _972951 |
|
| 830 | 0 |
_aPublicaciones de la Universidad Autónoma de Santo Domingo _n326 _950432 |
|
| 830 | 0 |
_aHistoria y sociedad _n60 _950433 |
|
| 910 | _aValidado. Control de calidad MFF | ||
| 999 |
_c24083 _d24083 |
||